000 00339nam a2200133Ia 4500
008 240624s9999 xx 000 0 und d
041 _aeng
082 _a650.14 SON
100 _aSONMEZ JOHN Z
245 _aSOFT SKILLS THE SOFTWARE DEVELOPER S LIF
260 _c2015
_aNew Delhi
_bWiley
300 _a470 : p. : m. ; 28
365 _cRS
_b33
999 _c26414
_d26414